New short plays : (Record no. 21606)
[ view plain ]
| 000 -LEADER | |
|---|---|
| fixed length control field | 00746nam a22002537a 4500 |
| 001 - CONTROL NUMBER | |
| control field | 21606 |
| 003 - CONTROL NUMBER IDENTIFIER | |
| rucl marc code | BD-RjUL |
| 005 - DATE AND TIME OF LATEST TRANSACTION | |
| control field | 20211209000715.0 |
| 008 - FIXED-LENGTH DATA ELEMENTS--GENERAL INFORMATION | |
| fixed length control field | 140305s1969 enk||||| |||| 00| 0 eng d |
| 035 ## - SYSTEM CONTROL NUMBER | |
| System control number | (BD-RjUL)21670 |
| 040 ## - CATALOGING SOURCE | |
| Original cataloging agency | BD-RjUL |
| Language of cataloging | eng |
| Transcribing agency | BD-RjUL |
| Modifying agency | BD-RjUL |
| 041 ## - LANGUAGE CODE | |
| Language code of text/sound track or separate title | eng |
| 082 00 - DEWEY DECIMAL CLASSIFICATION NUMBER | |
| Classification number | 822.91408 |
| Author mark and year | NEW 1969 |
| 245 ## - TITLE STATEMENT | |
| Title | New short plays : |
| Remainder of title | 2 / |
| 260 ## - PUBLICATION, DISTRIBUTION, ETC. (IMPRINT) | |
| Place of publication, distribution, etc. | London : |
| Name of publisher, distributor, etc. | Methuen, |
| Date of publication, distribution, etc. | c1969 |
| 300 ## - PHYSICAL DESCRIPTION | |
| Pagination | 97 p. ; |
| Size | 20 cm. |
| 490 ## - SERIES STATEMENT | |
| Series statement | A Methuen playscript |
| 505 ## - FORMATTED CONTENTS NOTE | |
| Formatted contents note | Rites, by M. Duffy.-Lovers, by Carey Harrison.-Futz, by Rochelle Owens. |
| 650 #4 - SUBJECT ADDED ENTRY--TOPICAL TERM | |
| Topical term or geographic name as entry element | English drama |
| Chronological subdivision | 20th century. |
| 9 (RLIN) | 66718 |
| 700 1# - ADDED ENTRY--PERSONAL NAME | |
| Personal name | Duffy, Maureen, |
| Personal name | Harrison, Carey. |
| Personal name | Owen, Rochelle |
| 942 ## - ADDED ENTRY ELEMENTS (KOHA) | |
| Source of classification or shelving scheme | Dewey Decimal Classification |
| Koha item type | Books |
| Lost status | Source of classification or shelving scheme | Damaged status | Not for loan | Collection code | Permanent Location | Current Location | Shelving location | Date acquired | Source of acquisition | Cost, normal purchase price | Total Checkouts | Full call number | Date last seen | Copy number | Koha item type |
|---|---|---|---|---|---|---|---|---|---|---|---|---|---|---|---|
| Dewey Decimal Classification | Added to bundle | Fiction | Central Library, University of Rajshahi | Central Library, University of Rajshahi | Reading Room | 28/08/1971 | Provincial book dept. Dacca | 6.00 | 822.91408 NEW 1969 | 05/03/2014 | C-1 | Books |